000 00622nam a2200253Ia 4500
003 OSt
005 20220912151545.0
006 a|||||r|||| 00| 0
007 ta
008 220909b |||||||| |||| 00| 0 eng d
024 _a36969
037 _cTextual
040 _aCSL
_beng
_cCSL
041 _aeng
082 _aC5, M1
100 _aMeshkov V V
245 0 _aFundamentals of illumination engineering
260 _aMoscow
_bMir Publishers
_c1981
300 _a371p.
_ccm.
650 _a Radiation
650 _aPhysics
942 _hC5, M1
_cTEXL
_2CC
999 _c71272
_d71272